Т. 3 : Описание минералов; Определение рудных минералов под микроскопом

Chi tiết về thư mục
Parent link:Определение рудных минералов под микроскопом/ И. С. Волынский. Т. 3 : Описание минералов.— , 1947-1949
Ngôn ngữ:Tiếng Nga
Được phát hành: 1949
Những chủ đề:
Định dạng: MixedMaterials Sách
KOHA link:https://koha.lib.tpu.ru/cgi-bin/koha/opac-detail.pl?biblionumber=120297

MARC

LEADER 00000nam2a2200000 4500
001 120297
005 20231031124933.0
035 |a (RuTPU)RU\TPU\book\130251 
090 |a 120297 
100 |a 20070824d1949 km y0rusy50 ca 
101 0 |a rus 
102 |a RU 
105 |a a z 001zy 
200 0 |a Т. 3 : Описание минералов 
210 |d 1949 
215 |a 339 с.  |c ил. 
320 |a Библиогр.: с. 333-334. 
320 |a Алфавитный указатель минералов: с. 335-338. 
461 1 |0 (RuTPU)RU\TPU\book\152439  |t Определение рудных минералов под микроскопом  |f И. С. Волынский  |v Т. 3 : Описание минералов  |d 1947-1949 
610 1 |a минералогия 
610 1 |a минералы 
610 1 |a рудные минералы 
610 1 |a описание 
610 1 |a определение 
610 1 |a микроскопические исследования 
675 |a 553.3/.4.08  |v 3 
801 1 |a RU  |b 63413507  |c 20070824  |g PSBO 
801 2 |a RU  |b 63413507  |c 20141117  |g PSBO 
942 |c BK